Reduction des armements (Record no. 130084)

MARC details
000 -LEADER
campo de control de longitud fija 00614nam a22001811 4500
001 - NÚMERO DE CONTROL
campo de control 130084
003 - IDENTIFICADOR DE NÚMERO DE CONTROL
campo de control ES-MaACL
005 - FECHA Y HORA DE LA ÚLTIMA TRANSACCIÓN
campo de control 20230906193633.0
007 - CAMPO FIJO DE DESCRIPCIÓN FÍSICA--INFORMACIÓN GENERAL
campo de control de longitud fija t|
008 - DATOS DE LONGITUD FIJA--INFORMACIÓN GENERAL
campo de control de longitud fija 180707s1924 sz ||||0| fre d
016 7# - NÚMERO DE CONTROL DE UNA AGENCIA BIBLIOGRÁFICA NACIONAL
Número de control cancelado/no válido IND9900846882
040 ## - FUENTE DE CATALOGACIÓN
Centro catalogador/agencia de origen M-BN
Lengua de catalogación spa
Centro/agencia transcriptor CDM
110 2# - ENTRADA PRINCIPAL--NOMBRE DE ENTIDAD CORPORATIVA
Nombre de entidad corporativa o nombre de jurisdicción como elemento de entrada Sociedad de Naciones.
9 (RLIN) 6682
245 10 - MENCIÓN DEL TÍTULO
Título Reduction des armements
Resto del título : debats de la Cinquième Assemblée du 4 au 6 septembre 1924 /
Mención de responsabilidad, etc. Section d'Information, Secretariat de la Societé des Nations.
260 ## - PUBLICACIÓN, DISTRIBUCIÓN, ETC.
Lugar de publicación, distribución, etc. Genève :
Nombre del editor, distribuidor, etc. [s.n,
Fecha de publicación, distribución, etc. 1924] (
Fabricante Imp. Sonor, S. A)
300 ## - DESCRIPCIÓN FÍSICA
Extensión 131 p. ;
Dimensiones 18 cm.
852 ## - LOCALIZACIÓN
Ubicación ES-MaACL
Número de control de estantería 1681-F-16
Sublocalización o colección R.4987
Holdings
Estatus retirado Estado de pérdida Estado de daño No para préstamo Colección Biblioteca de origen Biblioteca actual Ubicación en estantería Fecha de adquisición Fuente de adquisición Total de préstamos Signatura topográfica completa Código de barras Visto por última vez Precio de reemplazo Tipo de ítem Koha
        Colección de folletos Biblioteca del Ateneo de Madrid Biblioteca del Ateneo de Madrid Depósito folletos 17/01/2008     1681-F-16 1135451 23/02/2023 23/02/2023 Folleto